<?xml version="1.0" encoding="UTF-8"?>
<marc:record xmlns:marc="http://www.loc.gov/MARC21/slim">
   <marc:leader>00000nam a2200000 a 4500</marc:leader>
   <marc:datafield ind1="1" ind2=" " tag="100">
      <marc:subfield code="a">Holler, Renée</marc:subfield>
      <marc:subfield code="4">aut</marc:subfield>
      <marc:subfield code="e">Verfasser/-in</marc:subfield>
   </marc:datafield>
   <marc:datafield ind1="0" ind2="0" tag="245">
      <marc:subfield code="a">Die Diebe von London</marc:subfield>
   </marc:datafield>
   <marc:datafield ind1="0" ind2="0" tag="245">
      <marc:subfield code="c">Renée Holler. Mit III. von Bernd Lehmann</marc:subfield>
   </marc:datafield>
   <marc:datafield ind1=" " ind2="1" tag="264">
      <marc:subfield code="a">München</marc:subfield>
      <marc:subfield code="b">bloomoon</marc:subfield>
      <marc:subfield code="c">2014</marc:subfield>
   </marc:datafield>
   <marc:datafield ind1=" " ind2=" " tag="250">
      <marc:subfield code="a">1</marc:subfield>
   </marc:datafield>
   <marc:datafield ind1="1" ind2=" " tag="520">
      <marc:subfield code="a">Auf der Flucht vor ihrem bösen Onkel, kommt Alyss nach London und wird prompt bestohlen. Sie ahnt nicht, dass hinter jeder Ecke noch weit größere Gefahren lauern. Niemand ist sicher! Nur Jack, der Taschendieb, fürchtet sich nicht. Die dunklen Gassen der Stadt sind sein Zuhause. Bis zuerst sein jüngerer Bruder spurlos verschwindet, und dann sogar Alyss. Werden Jack und seine Bande es schaffen, das düstere Geheimnis zu lösen, oder sind die Kinder für immer verloren? Ein Wettlauf gegen die Zeit beginnt</marc:subfield>
   </marc:datafield>
   <marc:datafield ind1=" " ind2=" " tag="020">
      <marc:subfield code="a">9783845807706</marc:subfield>
      <marc:subfield code="9">9783845807706</marc:subfield>
   </marc:datafield>
   <marc:datafield ind1=" " ind2=" " tag="020">
      <marc:subfield code="a">3845807709</marc:subfield>
      <marc:subfield code="9">3845807709</marc:subfield>
   </marc:datafield>
   <marc:datafield ind1=" " ind2=" " tag="300">
      <marc:subfield code="a">298 S. : III.</marc:subfield>
   </marc:datafield>
</marc:record>
